Odměňování vynálezů a zlepšovacích návrhů na úseku životního prostředí

Bibliographic Details
Main Author: Nesvadba, Jindřich, činný 20. storočie (Author)
Format: Article
Language:Czech
PhysicalDescription:Tb. 2.
Subjects:

MARC

LEADER 00000nab a2200000 a 4500
001 vtls000395348
003 SK-MaSNL
005 20260304225649.0
008 160201c1989 xo 0 cze
015 |a SNBRA19rr/mm-uuuuu 
035 |a CL0395472 
040 |a SNKBUCL  |b slo  |c SNKBUCL  |e AACR2 
041 0 |a cze 
044 |a xo  |c SK 
080 |a 608.1/.2:331.2:504  |2 1981 
080 |a 331.2  |2 1981 
080 |a 504  |2 1981 
100 1 |a Nesvadba, Jindřich,  |d činný 20. storočie  |4 aut  |9 6265 
245 1 0 |a Odměňování vynálezů a zlepšovacích návrhů na úseku životního prostředí  |c Jindřich Nesvadba 
300 |b Tb. 2. 
650 0 7 |a životné prostredie  |2 snkbucl  |9 786 
650 0 7 |a vynálezy  |2 snkbucl  |9 301857 
650 0 7 |a zlepšovacie návrhy  |2 snkbucl  |9 51995 
650 0 7 |a odmeňovanie  |2 snkbucl  |9 2329 
655 7 |a články zo zborníkov  |2 snkbucl  |9 166140 
773 0 |t Vynálezy a zlepšovacie návrhy v oblasti bezpečnosti a hygieny pri práci  |d Žilina : Dom techniky ČSVTS, 1989  |g S. 56-75 
850 |a Slovenská národná knižnica v Martine  |a MTA001 
852 |a SNK  |b KIS3GCP 
958 |a RK 
958 |a CZ 
992 |a RZB 
999 |c 3178970  |d 3180900